| 000 | 00541 a2200181 4500 | ||
|---|---|---|---|
| 999 |
_c1009 _d1009 |
||
| 020 | _a8129705850 | ||
| 050 | _aGE105 HEN 1996 | ||
| 100 | _aHenry, Glynn | ||
| 245 |
_aEnvironmental science and Engineering _cGlynn Henry and Garry W. Heinke |
||
| 264 |
_aUpper Saddle River, NJ _bPrentice Hall _c1996 |
||
| 300 |
_a770p., _bill. |
||
| 500 | _aIncludes Index | ||
| 650 | _aEnvironmental problems | ||
| 650 | _aEnergy power | ||
| 650 | _aEnvironmental hazards | ||
| 700 | _aHeinke, Gary W. | ||
| 942 |
_2olc _cBK _e2nd ed. _h105 _iHEN _kGE |
||